| 000 | 01019nam a22002652 4500 | ||
|---|---|---|---|
| 001 | 1183 | ||
| 003 | BDR-JUL | ||
| 005 | 20211208233305.0 | ||
| 008 | 1 s1962 onc 000 0 eng d | ||
| 035 |
_aOCLC ocm02325956 from D970620M _a(BD-RJUL)1205 |
||
| 040 |
_aNYG _cNYG _dEQO _beng |
||
| 041 | _aeng | ||
| 082 |
_216 _a027.771 _bWIR 1962 |
||
| 100 | 1 |
_aWilliams, Edwin E. _q(Edwin Everitt), _d1913- _93503 |
|
| 245 | 1 | 0 |
_aResources of Canadian university libraries for research in the humanities and social sciences : _breport of a survey for the National Conference of Canadian Universities and Colleges / _cby Edwin E. Williams. |
| 260 |
_aOttawa : _bNational Conference of Canadian Universities and Colleges, _c1962 |
||
| 300 |
_a87 p. _c25 cm. |
||
| 504 | _aBibliographical footnotes. | ||
| 526 | _bLibrary Scince | ||
| 650 | 0 |
_aAcademic libraries _zCanada. _93504 |
|
| 710 | 2 |
_aNational Conference of Canadian Universities and Colleges. _93505 |
|
| 942 |
_2ddc _cBK |
||
| 999 |
_c1183 _d1183 |
||